00450nam a22001697a 450000500170000001000140001702000260003103500130005703700130007008200060008310000190008924500510010826000330015927000550019230000210024765000120026820100811153829.0 aENG-99705 a9788188631590c400.00 aEN-83237 bDBAD/PUB aS aKhatry, Vikash aWorld famous ghost stories /cby Vikash Khatry aDelhibKunal Prakashanc2010 aL-46, Gali No.5, Shivaji Marg, Kartar NagarbDelhi1 a183p.c22cm (Hb) aStories